[Event "Senta January op"]
[Site "Senta"]
[Date "2011.01.23"]
[Round "3"]
[White "Toth, Kazmer"]
[Black "Nagymelykuti, Istvan"]
[Result "1/2-1/2"]
[WhiteElo "1929"]
[BlackElo "2130"]
[PlyCount "21"]
[EventDate "2011.01.21"]
[EventType "swiss"]
[EventRounds "9"]
[EventCountry "SRB"]
[SourceTitle "CBM 140 Extra"]
[Source "ChessBase"]
[SourceDate "2011.03.01"]
[SourceVersion "1"]
[SourceVersionDate "2011.03.01"]
[SourceQuality "1"]

1. c4 e5 2. Nc3 Nf6 3. g3 d5 4. cxd5 Nxd5 5. Bg2 Nb6 6. Nf3 Nc6 7. 0-0 Be7 8. a3 a5 9. d3 0-0 10. b3 Be6 11. e3 1/2-1/2

[Event "Senta January op"]
[Site "Senta"]
[Date "2011.01.22"]
[Round "2"]
[White "Nagymelykuti, Istvan"]
[Black "Soklovacki, Mila"]
[Result "1-0"]
[WhiteElo "2130"]
[BlackElo "1526"]
[PlyCount "61"]
[EventDate "2011.01.21"]
[EventType "swiss"]
[EventRounds "9"]
[EventCountry "SRB"]
[SourceTitle "CBM 140 Extra"]
[Source "ChessBase"]
[SourceDate "2011.03.01"]
[SourceVersion "1"]
[SourceVersionDate "2011.03.01"]
[SourceQuality "1"]

1. e4 c5 2. Nf3 Nc6 3. d4 cxd4 4. Nxd4 Nf6 5. Nc3 e5 6. Ndb5 Bb4 7. Nd6+ Ke7 8. Nf5+ Kf8 9. Bb5 Nxe4 10. 0-0 Bxc3 11. Bxc6 bxc6 12. Qg4 Qf6 13. Qxe4 d5 14. Qa4 Bxf5 15. bxc3 Qg6 16. Re1 e4 17. Re3 h6 18. Rg3 Qf6 19. Be3 Kg8 20. Bd4 Qd6 21. Rxg7+ Kf8 22. Qa5 Qe6 23. Rg3 f6 24. Rb1 Rh7 25. Qc5+ Re7 26. Rb7 Kf7 27. Rg7+ Kxg7 28. Rxe7+ Kg8 29. Rxe6 Rb8 30. Re8+ Rxe8 31. Qxc6 1-0

[Event "Senta January op"]
[Site "Senta"]
[Date "2010.02.07"]
[Round "9"]
[White "Sakic, Simeon"]
[Black "Nagymelykuti, Istvan"]
[Result "0-1"]
[WhiteElo "1978"]
[BlackElo "2140"]
[PlyCount "146"]
[EventDate "2010.01.22"]
[EventType "swiss"]
[EventRounds "9"]
[EventCountry "YUG"]
[SourceTitle "EXT 2011"]
[Source "ChessBase"]
[SourceDate "2010.11.26"]
[SourceVersion "1"]
[SourceVersionDate "2010.11.26"]
[SourceQuality "1"]

1. e4 c5 2. Nf3 d6 3. d4 cxd4 4. Nxd4 Nf6 5. Nc3 a6 6. Be2 g6 7. Be3 Bg7 8. Qd2 Nc6 9. 0-0-0 Qa5 10. Kb1 Bd7 11. f3 b5 12. Nxc6 Bxc6 13. Nd5 Qxd2 14. Nxf6+ Bxf6 15. Rxd2 0-0 16. h4 h5 17. Bd4 Kg7 18. g3 Bxd4 19. Rxd4 f5 20. exf5 Rxf5 21. Rf1 Re5 22. Bd1 Rf8 23. Kc1 Rd5 24. Rxd5 Bxd5 25. a3 a5 26. c3 b4 27. axb4 axb4 28. cxb4 Rb8 29. f4 Rxb4 30. Bf3 Be6 31. Re1 Kf6 32. Re3 Rc4+ 33. Kd2 Rb4 34. Kc2 d5 35. Re5 Bf5+ 36. Kc1 e6 37. Re3 d4 38. Ra3 Rc4+ 39. Kd1 Rc2 40. b4 Rb2 41. b5 Rxb5 42. Be2 Rb1+ 43. Kd2 Rg1 44. Rb3 d3 45. Bxd3 Rxg3 46. Bc4 Rg4 47. Rf3 Rxh4 48. Bb5 Rh2+ 49. Ke3 Rb2 50. Bc4 Rb4 51. Kd4 Rb8 52. Ra3 Rd8+ 53. Ke3 Rd1 54. Be2 Re1 55. Kf2 Rh1 56. Bf3 Rc1 57. Ra6 Rc2+ 58. Ke3 Rc3+ 59. Kf2 h4 60. Ra8 Rc2+ 61. Ke3 h3 62. Rh8 Ra2 63. Rh7 e5 64. Bd5 Ra3+ 65. Kf2 exf4 66. Rf7+ Kg5 67. Rh7 Rc3 68. Rh8 Kg4 69. Ba8 Rc2+ 70. Ke1 Kg3 71. Bd5 f3 72. Kd1 Rc8 73. Rh6 Rd8 0-1

[Event "Senta January op"]
[Site "Senta"]
[Date "2010.02.06"]
[Round "8"]
[White "Nagymelykuti, Istvan"]
[Black "Sakic, Lorand"]
[Result "1/2-1/2"]
[WhiteElo "2140"]
[BlackElo "1987"]
[PlyCount "115"]
[EventDate "2010.01.22"]
[EventType "swiss"]
[EventRounds "9"]
[EventCountry "YUG"]
[SourceTitle "EXT 2011"]
[Source "ChessBase"]
[SourceDate "2010.11.26"]
[SourceVersion "1"]
[SourceVersionDate "2010.11.26"]
[SourceQuality "1"]

1. c4 c6 2. Nc3 d5 3. e3 Nf6 4. cxd5 Nxd5 5. Nf3 g6 6. Be2 Bg7 7. 0-0 0-0 8. Qb3 Nb6 9. d4 Bg4 10. Rd1 e6 11. h3 Bxf3 12. Bxf3 N8d7 13. Ne4 Qc7 14. Bd2 Nd5 15. Rac1 Rac8 16. Ng5 Qb6 17. Qa3 Rfd8 18. Ba5 Qa6 19. Bxd8 Qxa3 20. bxa3 Rxd8 21. Bxd5 exd5 22. Rb1 Nb6 23. Nf3 Rd7 24. Nd2 Bf8 25. Rb3 Nc4 26. Nxc4 dxc4 27. Rc3 b5 28. Rb1 a5 29. Kf1 a4 30. Ke2 f5 31. Rd1 Kf7 32. Kf3 Ke6 33. e4 Bg7 34. d5+ cxd5 35. exd5+ Rxd5 36. Re3+ Be5 37. Ke2 Kd6 38. Rxd5+ Kxd5 39. Kd1 f4 40. Re2 Bd6 41. Rd2+ Kc6 42. Rd4 g5 43. Kc2 Bxa3 44. Rd8 Bc5 45. f3 b4 46. Rh8 b3+ 47. axb3 cxb3+ 48. Kc3 Kd5 49. Rd8+ Kc6 50. Rb8 Bd6 51. Re8 Kb5 52. Re4 h6 53. Kb2 Bf8 54. Re5+ Kb4 55. Re4+ Kb5 56. Re5+ Kb4 57. Re4+ Kb5 58. Re5+ 1/2-1/2

[Event "Senta January op"]
[Site "Senta"]
[Date "2010.01.23"]
[Round "2"]
[White "Nagymelykuti, Istvan"]
[Black "Kaszas, Viktor"]
[Result "1-0"]
[WhiteElo "2140"]
[BlackElo "1947"]
[PlyCount "93"]
[EventDate "2010.01.22"]
[EventType "swiss"]
[EventRounds "9"]
[EventCountry "YUG"]
[SourceTitle "EXT 2011"]
[Source "ChessBase"]
[SourceDate "2010.11.26"]
[SourceVersion "1"]
[SourceVersionDate "2010.11.26"]
[SourceQuality "1"]

1. c4 Nf6 2. Nc3 g6 3. g3 Bg7 4. Bg2 0-0 5. Nf3 d6 6. 0-0 Nbd7 7. Qc2 e5 8. d3 c6 9. Rb1 a5 10. a4 Nh5 11. Ne4 Qe7 12. b3 f5 13. Nc3 Nc5 14. Ba3 g5 15. e3 g4 16. d4 gxf3 17. Bxf3 exd4 18. exd4 Nxg3 19. hxg3 Bxd4 20. Qd2 Qg7 21. Ne2 Be5 22. Bxc5 dxc5 23. Nf4 Bd4 24. Kg2 Bd7 25. Rh1 Qf6 26. Rh2 Be8 27. Rbh1 Bg6 28. Rh6 Qg5 29. Qd1 Rfe8 30. R6h4 Qf6 31. Bh5 Qf7 32. Bxg6 hxg6 33. Rh6 Re6 34. Nxe6 Qxe6 35. Re1 Qf6 36. Qe2 Kg7 37. Rhh1 Rf8 38. Qe7+ Rf7 39. Qe8 Rf8 40. Qd7+ Rf7 41. Qc8 Rf8 42. Qxb7+ Rf7 43. Qc8 Rf8 44. Re8 Rxe8 45. Qxe8 Qd6 46. Qh8+ Kf7 47. Rh7+ 1-0

[Event "Senta January op"]
[Site "Senta"]
[Date "2007.02.10"]
[Round "8"]
[White "Sakic, Simeon"]
[Black "Nagymelykuti, Istvan"]
[Result "0-1"]
[WhiteElo "1982"]
[BlackElo "2163"]
[PlyCount "48"]
[EventDate "2007.01.19"]
[EventType "swiss"]
[EventRounds "9"]
[EventCountry "SRB"]
[SourceTitle "EXT 2022"]
[Source "ChessBase"]
[SourceDate "2021.10.06"]
[SourceVersion "1"]
[SourceVersionDate "2021.10.06"]
[SourceQuality "1"]

1. e4 Nf6 2. e5 Nd5 3. d4 d6 4. f4 dxe5 5. fxe5 Nc6 6. Nf3 Bg4 7. Bb5 e6 8. 0-0 Be7 9. c3 0-0 10. Qe1 f6 11. exf6 Bxf6 12. Bxc6 bxc6 13. h3 Bf5 14. g4 Bd3 15. Qxe6+ Kh8 16. Re1 Bh4 17. Nxh4 Qxh4 18. g5 Qg3+ 19. Kh1 Bf1 20. Qe4 Bg2+ 21. Qxg2 Qxe1+ 22. Kh2 Rf2 23. Na3 Rxg2+ 24. Kxg2 Rf8 0-1

[Event "Erkel Memorial op"]
[Site "Gyula"]
[Date "1999.11.07"]
[Round "4"]
[White "Nagymelykuti, Istvan"]
[Black "Brandics, Jozsef"]
[Result "1/2-1/2"]
[WhiteElo "2156"]
[BlackElo "2288"]
[PlyCount "83"]
[EventDate "1999.11.??"]
[EventType "swiss"]
[EventRounds "9"]
[EventCountry "HUN"]
[SourceTitle "EXT 2004"]
[Source "ChessBase"]
[SourceDate "2003.11.25"]
[SourceVersion "1"]
[SourceVersionDate "2003.11.25"]
[SourceQuality "1"]

1. e4 Nc6 2. c4 e5 3. Nc3 Bc5 4. Nf3 Nf6 5. h3 d6 6. d3 h6 7. g3 Be6 8. Bg2 Nh7 9. Nd5 Nd4 10. Nxd4 Bxd4 11. Qe2 c6 12. Ne3 Qd7 13. Nc2 Bb6 14. Be3 Ng5 15. h4 Nh7 16. 0-0-0 Bxe3+ 17. Nxe3 c5 18. Nd5 Nf6 19. f4 Nxd5 20. exd5 Bg4 21. Bf3 Bxf3 22. Qxf3 exf4 23. Rde1+ Kd8 24. Qxf4 Kc7 25. Rhf1 Rhf8 26. Re4 Rae8 27. Rfe1 Rxe4 28. Qxe4 f5 29. Qf4 Re8 30. Rxe8 Qxe8 31. Qxf5 Qe1+ 32. Kc2 Qxg3 33. Qf7+ Kb6 34. Qd7 a6 35. a4 Ka7 36. a5 Qf2+ 37. Kc1 Qe1+ 38. Kc2 Qf2+ 39. Kc1 Qf6 40. h5 g6 41. hxg6 Qxg6 42. Qd8 1/2-1/2

[Event "Erkel Memorial op"]
[Site "Gyula"]
[Date "1999.11.06"]
[Round "3"]
[White "Nagy, Janos"]
[Black "Nagymelykuti, Istvan"]
[Result "1/2-1/2"]
[WhiteElo "2300"]
[BlackElo "2155"]
[PlyCount "32"]
[EventDate "1999.11.??"]
[EventType "swiss"]
[EventRounds "9"]
[EventCountry "HUN"]
[SourceTitle "EXT 2004"]
[Source "ChessBase"]
[SourceDate "2003.11.25"]
[SourceVersion "1"]
[SourceVersionDate "2003.11.25"]
[SourceQuality "1"]

1. e4 e6 2. d4 d5 3. Nd2 dxe4 4. Nxe4 Nd7 5. Nf3 Ngf6 6. Ng3 Be7 7. Bd3 b6 8. 0-0 Bb7 9. b3 0-0 10. Bb2 c5 11. Ng5 h6 12. N5e4 Nxe4 13. Nxe4 Nf6 14. Qf3 Nxe4 15. Bxe4 Bxe4 16. Qxe4 Bf6 1/2-1/2